|
|
|
|
| LEADER |
00000nam a22000007a 4500 |
| 005 |
20180801233756.0 |
| 007 |
cr|||| |||| |
| 008 |
180801s2018 co |||||s|||| 00||0 spa d |
| 020 |
|
|
|a 978-958-56259-2-1
|
| 035 |
|
|
|z 21915
|
| 040 |
|
|
|a vLex
|
| 090 |
|
|
|c 8086
|d 8086
|
| 100 |
1 |
|
|a Chavarro Cadena, Jorge Enrique
|
| 245 |
1 |
0 |
|a Estatuto Tributario Nacional (Concordado) 2018
|h [Recurso electrn̤ico] /
|c Jorge Enrique Chavarro Cadena
|
| 256 |
|
|
|a Servicio en ln̕ea
|
| 260 |
|
|
|a Bogot:̀
|b Grupo Editorial Nueva Legislacin̤,
|c 2018
|
| 300 |
|
|
|a 1 recurso electrn̤ico
|
| 500 |
|
|
|a Estatuto Tributario Nacional (Concordado) – Actualizado con la Nueva Reforma Tributaria Ley 1819 de 29 de diciembre de 2016, el Decreto Único Reglamentario 1625 de 2016 y Normatividad Vigente.
|
| 506 |
1 |
|
|a Disponible solo en los productos indicados
|d vLex Global
|d vLex Global (Academic Edition, excluding Law Schools)
|d vLex Global (U.S. Academic Edition, Law Schools)
|d vLex Global (U.S. Academic Edition, excluding Law Schools)
|d vLex Global (Academic Edition, Law Schools)
|
| 650 |
0 |
4 |
|a Derecho Fiscal
|z Colombia
|
| 650 |
0 |
4 |
|a Derecho Tributario
|z Colombia
|
| 740 |
0 |
|
|a vLex Libros (Servicio en ln̕ea)
|
| 856 |
4 |
0 |
|u http://vlex.com/source/estatuto-tributario-nacional-concordado-2018-21915
|z Acceso restringido
|
| 942 |
|
|
|c BOOK
|
| 999 |
0 |
|
|a Tax Law
|
| 999 |
0 |
|
|a Tax Law
|